000 00667nam a2200241Ia 4500
003 IN-BaIIA
008 211028s9999 xx 000 0 eng d
020 _a0-86442-321-7
040 _cIIA Library
080 _a910.4(540)
_bFIN
100 _aFinlay, H.
_920496
245 0 _aIndia - a lonely planet travel survival kit.
_cH. Finlay, T. Wheeler and B.Thomas
250 _a6th ed.
260 _aAustralia
_bLonely Planet
_c1996
300 _a1144p
650 _aGuidebooks
650 _aIndia Tourist Guide
_920497
650 _aTourist Guide
650 _aTravel Guide
_914263
700 _aThomas, B.
_920498
700 _aWheeler, T.
_917068
942 _cBK
999 _c11809
_d11809